Statistiken für Top 15 Länder mit Covid-19-Todesfällen - 21. Juni

Klicken Sie hier um das Quiz zu spielen!

Allgemein

  • Dieses Quiz wurde 9 mal gespielt
  • Das Durchschnittsergebnis liegt bei 17 aus 20

Antwortstatistiken

Land% Korrekt
Brasilien
100%
Italien
100%
Russland
100%
Schweden
100%
Spanien
100%
Vereinigte Staaten
100%
Belgien
89%
Deutschland
89%
Frankreich
89%
Indien
89%
Iran
89%
Peru
89%
Vereinigtes Königreich
89%
Kanada
67%
Mexiko
67%
Niederlande
67%
Schweiz
67%
Chile
56%
Ecuador
56%
Irland
56%

Verteilung der Resultate

Perzentil nach korrekt beantworteten Fragen

Anzahl Personen mit jedem Resultat

Ihre Resultats-Entwicklung

Sie haben dieses Quiz noch nicht gespielt